Statistics for Sports Quiz

Click here to take the quiz!

General Stats

  • This quiz has been taken 34 times
  • The average score is 10 of 21

Answer Stats

HintAnswer% Correct
In what sport do you kick or head the ball into a goal to score a point?Soccer
97%
This game uses knights, a queen, a king, pawns, bishops, and rooks.Chess
83%
What sport does Andy Murray play?Tennis
83%
What city are the Seahawks from?Seattle
73%
Which team has won the World Series the most times?New York Yankees
63%
What national soccer team won the World Cup in 2014?Germany
60%
Wayne Rooney is on what soccer team?Manchester United
57%
What baseball team won the 2016 World Series?Chicago Cubs
53%
This hockey player is nicknamed "The Great One" and "The White Tornado".Wayne Gretzky
53%
Who broke the color barrier in baseball?Jackie Robinson
50%
Cristiano Ronaldo is on what soccer team?Real Madrid
50%
Who is the only player in NBA history to make 100 points in a single game?Wilt Chamberlain
50%
Which team has won the Superbowl the most times?Pittsburgh Steelers
43%
Name the male tennis player who has won the most Wimbledon titles.Roger Federer
40%
Which NBA team won the championship in 1993?Chicago Bulls
37%
Who has the record for the most home runs total in their career?Barry Bonds
30%
Which hockey team won the Stanley Cup in 2013?Chicago Blackhawks
30%
What famous boxer died in 2016?Muhammad Ali
30%
Who won the 2012 Superbowl?New York Giants
30%
In what country will the Winter Olympics in 2018 be held?South Korea
23%
Which team did Michael Jordan play in his last NBA game?Utah Jazz
10%

Score Distribution

Percentile by Number Answered

Percent of People with Each Score

Your Score History

You have not taken this quiz